MARC
| LEADER | 00000nam a22000007a 4500 | ||
|---|---|---|---|
| 008 | 230112b |||||||| |||| 00| 0 spa d | ||
| 020 | |a 8474261546 | ||
| 041 | 0 | |a spa | |
| 082 | 0 | 4 | |a Cu863.08 |b C117c |
| 100 | 1 | |a Cabrera, Lydia |d 1936- |e Autor/a | |
| 245 | 1 | 0 | |a Cuentos negros de Cuba / |c Lydia Cabrera. |
| 250 | |a 2.edición | ||
| 260 | 1 | |a Barcelona, España : |b Icaria, |c 1997. | |
| 300 | |a 190 páginas | ||
| 650 | 0 | 7 | |a LITERATURA CUBANA |v CUENTO |
| 942 | |2 ddc |c BK | ||
| 999 | |c 22239 |d 22239 | ||



